Finance and Development September 2005.

For the latest thinking about the international financial system, monetary policy, economic development, poverty reduction, and other critical issues, subscribe to Finance and Development (F and D). This lively quarterly magazine brings you in-depth analyses of these and other subjects by the IMF�...

Volledige beschrijving

Bibliografische gegevens
Coauteur: International Monetary Fund. External Relations Dept
Formaat: Tijdschrift
Taal:English
Gepubliceerd in: Washington, D.C. : International Monetary Fund, 2006.
Reeks:Finance and Development; Finance and Development ; No. 0042/003
Online toegang:Full text available on IMF
LEADER 01610cas a2200241 a 4500
001 AALejournalIMF008270
008 230101c9999 xx r poo 0 0eng d
020 |z 9781451925395 
022 |a 0250-7455 
040 |a BD-DhAAL  |c BD-DhAAL 
110 2 |a International Monetary Fund.  |b External Relations Dept. 
240 1 0 |a Finance and Development September 2005.  |l Arabic 
245 1 0 |a Finance and Development September 2005. 
264 1 |a Washington, D.C. :  |b International Monetary Fund,  |c 2006. 
300 |a 1 online resource (59 pages) 
490 1 |a Finance and Development 
500 |a <strong>Off-Campus Access:</strong> No User ID or Password Required 
500 |a <strong>On-Campus Access:</strong> No User ID or Password Required 
506 |a Electronic access restricted to authorized BRAC University faculty, staff and students 
520 3 |a For the latest thinking about the international financial system, monetary policy, economic development, poverty reduction, and other critical issues, subscribe to Finance and Development (F and D). This lively quarterly magazine brings you in-depth analyses of these and other subjects by the IMF's own staff as well as by prominent international experts. Articles are written for lay readers who want to enrich their understanding of the workings of the global economy and the policies and activities of the IMF. 
538 |a Mode of access: Internet 
830 0 |a Finance and Development; Finance and Development ;  |v No. 0042/003 
856 4 0 |z Full text available on IMF  |u http://elibrary.imf.org/view/journals/022/0042/003/022.0042.issue-003-ar.xml  |z IMF e-Library